Cancionero infantil

Saved in:
书目详细资料
Main Authors: Vidal, Marta (Author), Villamuza, Noemí (Author)
格式: 图书
语言:西班牙语
出版: Barcelona LaGalera 2012
版:1a. ed
主题:
标签: 添加标签
没有标签, 成为第一个标记此记录!

MARC

LEADER 00000cam a2200000 a 4500
001 UCE5924
003 CL-VaPUC
008 150312e20121100sp |||||||||||||||||spa|d
020 |a 9788424643188 
082 0 4 |a 781.582  |b VID  |2 21 
100 0 |a Vidal, Marta  |e author  |9 578589 
700 0 |a Villamuza, Noemí  |e author  |9 578590 
245 1 0 |a Cancionero infantil 
250 |a 1a. ed 
300 |a 215 p 
942 |c BK 
945 |d 20150312 12:37:00  |a arojas 
260 |a Barcelona  |b LaGalera  |c 2012 
500 |a Incluye cd 
650 7 |a CANCIONEROS  |2 CL-VaPUC  |9 578591 
650 0 |a Música infantil   |9 309324 
583 |a last modification  |c 20150316 12:37:04  |k Rodrigo Vera 
999 |c 358452  |d 358450 
952 |0 0  |1 0  |3 erd  |4 0  |6 781_582000000000000_VID_2012  |7 0  |8 R  |9 467157  |a BIBEDU  |b BIBEDU  |i 5139449  |o 781.582 VID 2012  |p 5139449  |r 2023-01-12  |w 2019-11-23  |y BK_R  |z Catalogado en:20150312  |k MUS